Normale Ansicht MARC-Ansicht ISBD

Drevnerusskoe pevčeskoe iskusstvo v duchovnoj kul'ture rossijskovo gosudarstva (XVI - XVII vv.) : (Titelsatznr. 36552)

[ MARC ]
MARC-Details
000 -Satzkennung
Kontrollfeld mit fester Länge 00726nam a22002411c 4500
001 - Kontrollnummer
Kontrollfeld a987673632
008 - Feld mit fester Länge zur physischen Beschreibung - Allgemeine Angaben
Kontrollfeld mit fester Länge 141128s1996 gw a||| 000u rus d
020 ## - Internationale Standardbuchnummer
Internationale Standardbuchnummer 5752501482
Verknüpfung 5-7525-0148-2
041 ## - Sprachcode
Sprachcode des Textes/der Tonspur oder des separaten Titels rus
040 ## - Katalogisierungsquelle
Übertragungsstelle RU-10907106
003 - Kontrollnummer Identifier
Kontrollfeld RU-10907106
100 1# - Haupteintragung - Personenname
Personenname Parfent'ev, Nikolaj Pavlovič
245 00 - Titel
Titel Drevnerusskoe pevčeskoe iskusstvo v duchovnoj kul'ture rossijskovo gosudarstva (XVI - XVII vv.) :
Zusatz zum Titel školy centry mastera
250 ## - Ausgabebezeichnung
Ausgabebezeichnung Reprint von 1991
264 ## - Produktion, Veröffentlichung, Distribution, Herstellung und Urheberrechtsvermerk
Herstellungs-, Veröffentlichungs- Vertriebs-, Erzeugungsort Svedlovsk :
Produzent, Herausgeber, Distributor, Hersteller isdatel'stvo ural'skovo universiteta,
Datum der Herstellung, der Veröffentlichung, des Vertriebs oder des Urheberschutzvermerks 1996
300 ## - Physische Beschreibung
Umfang 254 S.: graph. Darst., Ill.
650 #0 - Nebeneintragung unter einem Schlagwort - Sachschlagwort
Sachschlagwort oder geografischer Name als Eintragungselement Gesang
650 #0 - Nebeneintragung unter einem Schlagwort - Sachschlagwort
Sachschlagwort oder geografischer Name als Eintragungselement Chor
650 #0 - Nebeneintragung unter einem Schlagwort - Sachschlagwort
Sachschlagwort oder geografischer Name als Eintragungselement Kirche
650 #0 - Nebeneintragung unter einem Schlagwort - Sachschlagwort
Sachschlagwort oder geografischer Name als Eintragungselement Traditionale Kultur
651 #0 - Nebeneintragung unter einem Schlagwort - Geografischer Name
Geografischer Name Russland
942 ## - Zusätzliche Felder (Koha)
Koha-Medientyp Monographien
Exemplare
Ausgeschieden Verloren Klassifikation oder Aufstellungssystematik Beschädigt Nicht entleihbar Heimatbibliothek Aufenthaltsbibliothek Aufstellungsort Erwerbungsdatum Inventarnummer Signatur Barcode Letzte Aktivität Preis gültig von Koha-Medientyp
    Andere/Generische Klassifikation     MWN Osteuropa MWN Osteuropa Magazin - 2 28/11/2014 14-02592 R 40 k Par E004015073DFE08F 23/02/2021 22/03/2021 Monographien